000 01531cam a22004574i 4500
003 PE-LiUPU
005 20250731173501.0
008 150616s r 000 0 d
020 _a0801032229
035 _a(Sirsi) i9780801032226
040 _aPE-LiUPU
_bspa
_cPE-LiUPU
_erda
049 _aPRUA
082 0 4 _a225.15
_bE46
_221
100 1 _aEllis, Edward Earle,
_eautor.
245 1 0 _aProphecy and Hermeneutic in Early Christianity.
264 1 _aGrand Rapids, MI :
_bBaker Books,
_c1993.
300 _a289 páginas ;
_c23 centímetros
336 _atext
_2rdacontent
337 _aunmediated
_2rdamedia
338 _avolume
_2rdacarrier
505 0 _aThe Pneumatics and the early christian mission -- Prophecy as exegesis: Early christian hermeneutic. Prophecy.
526 _aSEG42
526 _aSEG41
526 _aSEG40
526 _aSEG39
526 _aP94
526 _aP87
526 _aP86
526 _aP85
526 _aP77
526 _aP76
526 _aP35
650 0 4 _aPROFETAS EN EL NUEVO TESTAMENTO.
910 _ajck
_bjvq
_cjck
942 _2ddc
_cBOOK
949 _a225.15 E46
_wDEWEY
_c1
_i40287
_lCCODEBUL1
_mBUL
_r0
_sY
_tBOOK
_u2015-6-16
_xTEOLOGIA
_zUNKNOWN
_0COMPRA
_o.STAFF. Colección General
994 _aC0
_bPEPRU
596 _a1
999 _a225.15 E46
_wDEWEY
_c58090
_i40287
_f2021-11-9
_g5
_lCCODEBUL1
_mBUL
_r0
_sY
_tBOOK
_u2015-6-16
_xTEOLOGIA
_zUNKNOWN
_0COMPRA
_o.STAFF. Colección General
_d58090
980 _81
_gALBERTO SANCHEZ Responsable de Automatización